000 00572nam a2200193Ia 4500
008 151121s9999||||xx |||||||||||||| ||und||
082 _a814/देशपां
082 _bHNW-74470
100 _aदेशपांडे पु। ल।
245 _aदाद
260 _b"मौज प्रकाशन ग्रह, मुंबई।"
260 _c--
300 _a198
600 _aदेशपांडे पु। ल।
630 _aदाद
700 _aदेशपांडे पु। ल।
730 _aदाद
942 _cBOOK
999 _c1255920
_d1255917